03886 2201909 4500001002100000008004100021035002000062082000800082084001400090100001000104245004500114250000600159260003300165300001200198650001400210990001200224990001200236990001200248990001200260990001200272990001200284990001200296990001200308990001200320990001200332990001200344990001200356990001200368990001200380990001200392990001200404990001200416990001200428990001200440990001200452990001200464990001200476990001200488990001200500990001200512990001200524990001200536990001200548990001200560990001200572990001200584990001200596990001200608990001200620990001200632990001200644990001200656990001200668990001200680990001200692990001200704990001200716990001200728990001200740990001200752990001200764990001200776990001200788990001200800990001200812990001200824990001200836990001200848990001200860990001200872990001200884990001200896990001200908990001200920990001200932990001200944990001200956990001200968990001200980990001200992990001201004990001201016990001201028990001201040990001201052990001201064990001201076990001201088990001201100990001201112990001201124990001201136990001201148990001201160990001201172990001201184990001201196990001201208990001201220990001201232990001201244990001201256990001201268990001201280990001201292990001201304990001201316990001201328990001201340990001201352990001201364990001201376990001201388990001201400990001201412990001201424990001201436990001201448990001201460990001201472990001201484990001201496990001201508990001201520990001201532990001201544990001201556990001201568990001201580990001201592990001201604990001201616990001201628990001201640990001201652990001201664990001201676990001201688990001201700990001201712990001201724990001201736990001201748990001201760990001201772990001201784990001201796990001201808990001201820990001201832990001201844990001201856990001201868990001201880990001201892990001201904990001201916990001201928990001201940990001201952990001201964INLIS000000000001153 ind  a0010-0524000388 a430 a430 KAS b aKasim aBuku Siswa Bahasa Jerman Kelas XIcKasim a1 aSolo :bTiga Serangkaic2016 a248 hlm aReferensi a0742370 a0742371 a0742372 a0742373 a0742374 a0742375 a0742376 a0742377 a0742378 a0742379 a0742380 a0742381 a0742382 a0742383 a0742384 a0742385 a0742386 a0742387 a0742388 a0742389 a0742390 a0742391 a0742392 a0742393 a0742394 a0742395 a0742396 a0742397 a0742398 a0742399 a0742400 a0742401 a0742402 a0742403 a0742404 a0742405 a0742406 a0742407 a0742408 a0742409 a0742410 a0742411 a0742412 a0742413 a0742414 a0742415 a0742416 a0742417 a0742418 a0742419 a0742420 a0742421 a0742422 a0742423 a0742424 a0742425 a0742426 a0742427 a0742428 a0742429 a0742430 a0742431 a0742432 a0742433 a0742434 a0742435 a0742436 a0742437 a0742438 a0742439 a0742440 a0742441 a0742442 a0742443 a0742444 a0742445 a0742446 a0742447 a0742448 a0742449 a0742450 a0742451 a0742452 a0742453 a0742454 a0744229 a0744230 a0744231 a0744232 a0744233 a0744234 a0744235 a0744236 a0744237 a0744238 a0744239 a0744240 a0744241 a0744242 a0744243 a0744244 a0744245 a0744246 a0744247 a0744248 a0744249 a0744250 a0744732 a0744733 a0744734 a0744735 a0744736 a0744737 a0744738 a0744739 a0744740 a0744741 a0744742 a0744743 a0744744 a0744745 a0744746 a0744747 a0744748 a0744749 a0744750 a0744751 a0744752 a0744753 a0744754 a0744755 a0744756 a0744757 a0744758 a0744759 a0744760 a0744761 a0744762 a0744763 a0744764 a0744765 a0744766 a0744767 a0744768 a0744769 a0744770